| 000 | 00604aam a2200217 4500 | ||
|---|---|---|---|
| 005 | 20230929154135.0 | ||
| 008 | 150713b2005 xxu||||| |||| 00| 0 spa d | ||
| 041 | _aESP | ||
| 082 | _a342.066 C8374l | ||
| 100 | _aCosta Rica. Leyes, decretos, etc.. | ||
| 245 | _aLey de la Defensoría de los Habitantes de la República y su Reglamento | ||
| 260 | _aCosta Rica | ||
| 260 | _bIJSA | ||
| 260 | _c2005 | ||
| 300 | _a51 páginas | ||
| 650 | _aCOSTA RICA | ||
| 650 | _aDERECHO ADMINISTRATIVO | ||
| 650 | _aDEFENSORÍA DE LOS HABITANTES | ||
| 650 | _aLEGISLACIÓN | ||
| 942 |
_cBK _2ddc |
||
| 999 |
_c1696 _d1696 |
||